Incorporación de la gestión de riesgos hidroclimáticos en el ordenamiento territorial municipal : (Registro nro. 19118)

Detalles MARC
000 -CABECERA
Campo de control 01117nam a2200241 a 4500
005 - FECHA Y HORA DE LA ULTIMA TRANSACCION
Campo de control 20161118142351.0
008 - ELEMENTOS DE LONGITUD FIJA—INFORMACION GENERAL
Campo de control 161118s2014 ck ad|||r|||| 00| 0 spa d
020 ## - ISBN
ISBN 9789588758923
040 ## - FUENTE DE CATALOGACIÓN
Agencia catalogadora original CO-BoIAVH
Agencia transcriptora CO-BoIAVH
041 0# - IDIOMA
Código de idioma para texto/pista de sonido o título separado Español
044 ## - PAÍS DE PUBLICACIÓN
País de publicación Colombia
090 ## - CLASIFICACIÓN LOCAL
Colección FG-
Consecutivo 0087
245 00 - MENCION DE TITULO
Título Incorporación de la gestión de riesgos hidroclimáticos en el ordenamiento territorial municipal :
Parte restante del título Un camino seguro para la adaptación /
Mención de responsabilidad IDEAM y PNUD
260 ## - PUBLICACION, DISTRIBUCION, ETC. (PIE DE IMPRENTA)
Lugar de publicación, distribución, etc. Bogotá, Colombia :
Nombre del editor, distribuidor, etc. IDEAM :
-- PNUD,
Fecha de publicación, distribución, etc. 2014.
300 ## - DESCRIPCION FISICA
Extensión 12 páginas aproximadamente sin numerar :
Otros detalles físicos inlustraciones a color y tablas ;
Dimensiones 23 x 23 cm.
500 ## - NOTA GENERAL
Nota general Plan Regional Integral de Cambio Climático Región Capital Bogotá - Cundinamarca.
650 26 - ASIENTO SECUNDARIO DE MATERIA - TERMINO TEMATICO
Término temático o nombre geográfico como elemento de entrada Accidentes atmosféricos
Subdivisión geográfica Colombia
9 (RLIN) 77186
650 26 - ASIENTO SECUNDARIO DE MATERIA - TERMINO TEMATICO
Término temático o nombre geográfico como elemento de entrada Gestión de riesgos
Subdivisión general planes de acción
Subdivisión geográfica Colombia
9 (RLIN) 77187
650 26 - ASIENTO SECUNDARIO DE MATERIA - TERMINO TEMATICO
Término temático o nombre geográfico como elemento de entrada Gestión de riesgos
Subdivisión general prevención de desastres
Subdivisión geográfica Colombia
9 (RLIN) 77188
710 2# - ASIENTO SECUNDARIO - NOMBRE CORPORATIVO
Nombre corporativo o de jurisdicción como elemento de entrada Instituto de Hidrología, Meteorología y Estudios Ambientales
9 (RLIN) 77189
710 2# - ASIENTO SECUNDARIO - NOMBRE CORPORATIVO
Nombre corporativo o de jurisdicción como elemento de entrada Programa de las Naciones Unidas para el Desarrollo (PNUD)
9 (RLIN) 33922
942 ## - ELEMENTOS ADICIONALES (KOHA)
Sistema de clasificación Local
Tipo de ítem Folleto
Existencias
Withdrawn status Lost status Sistema de Clasificación Damaged status No para préstamo Colección Inventariado Ubicación Permanente Ubicación actual Fecha de adquisición Total Checkouts Número topográfico Inventario / Código de Barras Date last seen Ejemplar Price effective from Forma de adquisición Tipo de material
    Local     Hemeroteca Inventariado 2017 Bogotá Bogotá 18/11/2016   FG-0087 040807 18/11/2016 Ej. 1 18/11/2016 Donación Folleto